Top 100 Football players 2015 - Statistics

General Stats
  • This quiz has been taken 697 times
  • The average score is 51 of 100
Answer Stats
Rank Club Player % Correct
4 Real Madrid Cristiano Ronaldo
99%
1 Barcelona Lionel Messi
99%
2 Barcelona Neymar
98%
3 Barcelona Luis Suárez
97%
11 Manchester City Sergio Agüero
89%
8 Barcelona Andrés Iniesta
88%
7 Bayern Munich Manuel Neuer
87%
5 Bayern Munich Robert Lewandowski
85%
6 Bayern Munich Thomas Müller
84%
9 Atlético de Madrid Antoine Griezmann
82%
46 Bayern Munich Arjen Robben
81%
25 PSG Zlatan Ibrahimovic
80%
36 Barcelona Gerard Piqué
78%
10 Juventus Paul Pogba
77%
22 PSG Thiago Silva
76%
69 Manchester City David Silva
74%
64 PSG Edison Cavani
74%
30 Bayern Munich Philipp Lahm
74%
42 Real Madrid Sergio Ramos
74%
19 Chelsea Eden Hazard
73%
31 Real Madrid Gareth Bale
72%
53 Leicester City Jamie Vardy
72%
23 Real Madrid Luka Modric
71%
33 Real Madrid Toni Kroos
71%
14 Juventus Gianluigi Buffon
69%
75 Al Sadd Xavi
69%
38 Tottenham Harry Kane
67%
41 Bayern Munich Jérôme Boateng
67%
27 Real Madrid Karim Benzema
67%
47 Borussia Dortmund Marco Reus
66%
35 Arsenal Mesut Özil
66%
21 Arsenal Alexis Sánchez
63%
20 Boca Juniors Carlos Tévez
63%
65 Chelsea Diego Costa
63%
17 Manchester City Kevin De Bruyne
63%
24 Barcelona Sergio Busquets
63%
51 Manchester United Wayne Rooney
63%
34 Barcelona Dani Alves
62%
50 Barcelona Jordi Alba
61%
58 Borussia Dortmund Mats Hummels
61%
44 New York City Andrea Pirlo
59%
85 Bayern Munich Douglas Costa
59%
40 Napoli Gonzalo Higuaín
59%
56 Real Madrid Marcelo
59%
16 Barcelona Ivan Rakitic
58%
57 PSG Ángel Di María
57%
15 Bayern Munich David Alaba
56%
95 Leicester City Riyad Mahrez
56%
32 Juventus Giorgio Chiellini
55%
55 Zenit Hulk
54%
43 Manchester United David De Gea
52%
26 Borussia Dortmund Pierre-Emerick Aubameyang
52%
62 Olympique Lyon Alexandre Lacazette
49%
82 Real Madrid Keylor Navas
49%
49 Bayern Munich Thiago Alcántara
49%
13 PSG Marco Verratti
48%
61 Manchester City Vincent Kompany
48%
72 Bayern Munich Xabi Alonso
47%
12 Bayern Munich Arturo Vidal
45%
98 PSG David Luiz
45%
80 West Ham Dimitri Payet
45%
77 Barcelona Marc-André ter Stegen
45%
73 Juventus Paulo Dybala
45%
45 Liverpool Philippe Coutinho
45%
29 Real Madrid James Rodríguez
44%
68 Atlético de Madrid Diego Godín
43%
18 Barcelona Javier Mascherano
43%
48 Manchester City Yaya Touré
43%
63 Chelsea Thibault Courtois
42%
39 Juventus Álvaro Morata
41%
87 Manchester City Raheem Sterling
39%
54 Chelsea Cesc Fàbregas
37%
59 Barcelona Claudio Bravo
35%
92 Tottenham Hugo Lloris
32%
28 PSG Blaise Matuidi
31%
76 Roma Edin Dzeko
31%
83 Roma Daniele de Rossi
28%
84 Manchester City Joe Hart
28%
78 Chelsea Willian
28%
60 Juventus Claudio Marchisio
27%
52 Roma Miralem Pjanic
25%
81 Tigres André-Pierre Gignac
24%
67 Manchester United Anthony Martial
23%
90 Toronto FC Sebastian Giovinco
21%
37 Olympique Lyon Nabil Fekir
19%
71 Atlético de Madrid Gabi
17%
89 Roma Radja Nainggolan
17%
66 Milan Carlos Bacca
16%
99 Schalke 04 Klaas-Jan Huntelaar
15%
94 Arsenal Laurent Koscielny
15%
79 PSG Thiago Motta
14%
97 Nice Hatem Ben Arfa
12%
93 Dynamo Kiev Andriy Yarmolenko
9%
70 Benfica Nicolás Gaitán
9%
100 Porto Yacine Brahimi
7%
91 Sevilla Éver Banega
6%
96 Roma Gervinho
5%
86 Sevilla Grzegorz Krychowiak
5%
88 Atlético de Madrid João Miranda
4%
74 Olympique Marseille Lassana Diarra
3%
No matching quizzes found
Score Distribution
Percent of People with Each Score
Percentile by Number Answered
Your Score History
You have not taken this quiz